|
|
|
|
| LEADER |
01139pam a22003378a 4500 |
| 001 |
00030618 |
| 005 |
20171026081023.0 |
| 008 |
130520s2001 ||||||viesd |
| 020 |
|
|
|c 27700
|
| 041 |
0 |
# |
|a vie
|
| 082 |
1 |
4 |
|a 541
|b M458S
|
| 245 |
1 |
0 |
|a Một số vấn đề chọn lọc của hóa học
|c Nguyễn Duy Ái, Nguyễn Tinh Dung, Trần Thành Huế,..[và nh. ng. khác]
|n Tập 3
|
| 260 |
# |
# |
|a Hà Nội
|b Giáo dục
|c 2001
|
| 300 |
# |
# |
|a 452 tr.
|b minh họa
|c 21 cm.
|
| 653 |
# |
# |
|a Hóa vô cơ
|
| 653 |
# |
# |
|a Hóa lý học
|
| 653 |
# |
# |
|a Hóa hữu cơ
|
| 653 |
# |
# |
|a Phân tích định lượng
|
| 653 |
# |
# |
|a vấn đề chọn lọc
|
| 653 |
# |
# |
|a phân tích định tính
|
| 700 |
1 |
# |
|a Nguyễn, Duy Ái
|
| 700 |
1 |
# |
|a Nguyễn, Tinh Dung
|
| 700 |
1 |
# |
|a Nguyễn, Văn Tòng
|
| 700 |
1 |
# |
|a Trần, Quốc Sơn
|
| 700 |
1 |
# |
|a Trần, Thành Huế
|
| 852 |
# |
# |
|b Kho đọc
|j KD.0014550
|
| 852 |
# |
# |
|j KD.0014550
|
| 910 |
|
|
|d 20/05/2013
|
| 980 |
# |
# |
|a Trung tâm Học liệu Lê Vũ Hùng, Trường Đại học Đồng Tháp
|